Nevyhnutelný přechod k online prodeji pojištění
Elektronické aplikácie umožňujúce rôzne druhy poistenia prostredníctvom internetu. Typy a možnosti poistenia predávaných systémom online. Produktivita a nižšie náklady predajcu. Vyššia profitabilita predaja poistných produktov.
Saved in:
| Main Author: | |
|---|---|
| Format: | Book Chapter |
| Language: | Czech |
| Subjects: | |
| Tags: |
No Tags, Be the first to tag this record!
|
MARC
| LEADER | 00000naa a2200000 4500 | ||
|---|---|---|---|
| 001 | 0125056 | ||
| 005 | 20231129093535.3 | ||
| 041 | 0 | |a cze | |
| 044 | |a CZ | ||
| 245 | 1 | 0 | |a Nevyhnutelný přechod k online prodeji pojištění |c Dalibor Němec |
| 520 | |a Elektronické aplikácie umožňujúce rôzne druhy poistenia prostredníctvom internetu. Typy a možnosti poistenia predávaných systémom online. Produktivita a nižšie náklady predajcu. Vyššia profitabilita predaja poistných produktov. | ||
| 610 | 2 | 0 | |a Česko |
| 610 | 2 | 0 | |a poisťovníctvo |
| 610 | 2 | 0 | |a poisťovne |
| 610 | 2 | 0 | |a trh poistný |
| 610 | 2 | 0 | |a poistenie životné |
| 610 | 2 | 0 | |a poistenie neživotné |
| 610 | 2 | 0 | |a poistenie zmluvné |
| 610 | 2 | 0 | |a portfólio |
| 610 | 2 | 0 | |a komunikácia elektronická |
| 610 | 2 | 0 | |a systém on-line |
| 610 | 2 | 0 | |a internet |
| 100 | 1 | |a Němec, Dalibor | |